000
00261nam a2200109Ia 4500
008
230907s9999||||xx |||||||||||||| ||und||
082
_a
576.5
_b
SNU
100
_a
Snustad, D. Peter,
_9
116113
245
0
_a
Principles of genetics /
300
_a
p. ;
942
_c
BK
999
_c
601088
_d
601088